000 00716nam a2200193Ia 4500
008 151121s9999||||xx |||||||||||||| ||und||
082 _a240 /तनपु
082 _bHNW-58994
100 _aतनपुरे बद्रीनाथ महाराज-संपा
245 _aअभंगगाथा
260 _b"चारोधाम ट्रस्ट, पंढरपूर।"
260 _c--
300 _a873
600 _aतनपुरे बद्रीनाथ महाराज-संपा
630 _aअभंगगाथा
700 _aतनपुरे बद्रीनाथ महाराज-संपा
730 _aअभंगगाथा
942 _cBOOK
999 _c1240779
_d1240776